000 00563nam a22002057a 4500
003 DO-SdBNP
005 20210920141141.0
007 ta
008 210920b2012 ||||| |||| 00| 0 spa d
020 _a978-9945-447-63-7
040 _aDO-SdBNP
_bspa
_cBNPHU
082 _axxx
_bM516p
100 _aMejía Baldera, Freddy Antonio
_96609
245 _aPalabras selectas /
_cFreddy Antonio Mejía Baldera
260 _aSanto Domingo :
_bUniversitaria,
_c2012
300 _a184 p. ;
_c22 cm
590 _aInventariado, 2021 / DG
910 _aD/G
942 _2ddc
_cLBS1
999 _c50586
_d50586